000
00327nam a22001217a 4500
008
190315b xxu||||| |||| 00| 0 eng d
041
_a
eng
080
_a
043.3
100
_a
0
101
_a
MBE-BA
245
_a
Ndikimi i Auditimit të jashtëm në përmirësimin e performancës së komunave
_c
Bajraktari,M
942
_2
udc
_c
BK
999
_c
54838
_d
54838